• 首页
  • 本馆介绍
  • 公告通知
  • 最新文献
  • 馆藏检索
  • 电子资源
  • 读者导购
  • 参考咨询
  • 我的图书馆
  • 登录
  • 详细信息显示
  • 放入我的书架
  • 预约/预借图书
  • 作者相关作品
  • 分类相关作品
  • 丛书相关作品
  • 出版社相关作品

书目信息

  • 表格格式
  • 工作单格式
  • 卡片格式
题名:
光影孝感故事
    
 
作者: 胡雪城 主编
分册:  
出版信息: 武汉   湖北人民出版社  2018
页数: 74页
开本: 24cm
丛书名:
单 册:
中图分类: J421 , J405.2-53
科图分类:
主题词: 摄影集--中国--现代 , 摄影评论--中国--现代--文集
电子资源:
ISBN: 978-7-216-09513-6
000 01107nam0 2200265 450
001 012001006021
005 20131015110100.0
010    @a978-7-216-09513-6@dCNY28.00
100    @a20181208d2018 em y0chiy50 ea
101 0  @achi
102    @aCN@b420000
105    @aa z 000yy
106    @ar
200 1  @a光影孝感故事@9guang ying xiao gan gu shi@b专著@e社会主义核心价值观主题摄影评论荟萃@f胡雪城主编
210    @a武汉@c湖北人民出版社@d2018
215    @a74页@d24cm
330    @a本书旨在将孝感最为突出的地域文化——孝德文化与社会主义核心价值观中个人层面道德准则结合起来,形成孝爱、孝敬、孝诚、孝善四个分主题,以感人的场景、生动的画面,把社会主义核心价值观落细、落小、落实,加深公民对社会主义核心价值观个人层面——爱国、敬业、诚信、友善的理解。
517 1  @a社会主义核心价值观主题摄影评论荟萃@9she hui zhu yi he xin jia zhi guan zhu ti she ying ping lun hui cui
606 0  @a摄影集@y中国@z现代
606 0  @a摄影评论@y中国@z现代@j文集
690    @aJ421@v5
690    @aJ405.2-53@v5
701  0 @a胡雪城@9hu xue cheng@4主编
801  2 @aCN@b上海新华@c20191020
905    @b1098472-5@dJ421@e389@f4
    
    光影孝感故事:社会主义核心价值观主题摄影评论荟萃/胡雪城主编.-武汉:湖北人民出版社,2018
    74页;24cm
    
    
    ISBN 978-7-216-09513-6:CNY28.00
    本书旨在将孝感最为突出的地域文化——孝德文化与社会主义核心价值观中个人层面道德准则结合起来,形成孝爱、孝敬、孝诚、孝善四个分主题,以感人的场景、生动的画面,把社会主义核心价值观落细、落小、落实,加深公民对社会主义核心价值观个人层面——爱国、敬业、诚信、友善的理解。
●
相关链接 在E读中查询图书 在五车中查询图书 在当当中查询图书 在豆瓣中查询图书


正题名:光影孝感故事     索取号:J421/389         预约/预借

序号 登录号 条形码 馆藏地/架位号 状态 备注
1 1098472   210984728   第一样本阅览室/ [索取号:J421/389] 在馆    
2 1098473   210984737   第一借阅区/ [索取号:J421/389] 在馆    
3 1098474   210984746   第一借阅区/ [索取号:J421/389] 在馆    
4 1098475   210984755   第一借阅区/ [索取号:J421/389] 在馆    
唐山师范学院图书馆 欢迎您!
大连网信软件有限公司© 版权所有